Notes and lectures on the campaign in mesopotamia / (Record no. 185503)
[ view plain ]
| 000 -LEADER | |
|---|---|
| fixed length control field | 00752 a2200181 4500 |
| 003 - CONTROL NUMBER IDENTIFIER | |
| control field | Nust |
| 005 - DATE AND TIME OF LATEST TRANSACTION | |
| control field | 20221229120710.0 |
| 040 ## - CATALOGING SOURCE | |
| Transcribing agency | Nust |
| 082 ## - DEWEY DECIMAL CLASSIFICATION NUMBER | |
| Classification number | 355.02,KEA |
| 100 ## - MAIN ENTRY--PERSONAL NAME | |
| Personal name | A. Kearsey |
| 9 (RLIN) | 106337 |
| 245 ## - TITLE STATEMENT | |
| Title | Notes and lectures on the campaign in mesopotamia / |
| Statement of responsibility, etc. | A. Kearsey |
| 260 ## - PUBLICATION, DISTRIBUTION, ETC. | |
| Place of publication, distribution, etc. | Hugh Rees Ltd |
| Name of publisher, distributor, etc. | London |
| Date of publication, distribution, etc. | 1927 |
| 300 ## - PHYSICAL DESCRIPTION | |
| Extent | 106 p |
| Other physical details | illus |
| Dimensions | 18 cm |
| 505 ## - FORMATTED CONTENTS NOTE | |
| Formatted contents note | From The Beginning of the Campaign (Page-9), To the Occupation of Azizen (Page-27), To The Third Attempt to Relieve Kut (Page-36), General Maude Campaign up to The Capture of Bagdad (Page-50), To The end of the Mesopotamian Campaign (Page-65). |
| 600 ## - SUBJECT ADDED ENTRY--PERSONAL NAME | |
| Personal name | A. Kearsey |
| 9 (RLIN) | 106337 |
| 650 ## - SUBJECT ADDED ENTRY--TOPICAL TERM | |
| Topical term or geographic name entry element | Notes and lectures on the campaign in mesopotamia |
| 9 (RLIN) | 106338 |
| 942 ## - ADDED ENTRY ELEMENTS (KOHA) | |
| Source of classification or shelving scheme | |
| Koha item type | Book |
| Call number prefix | 355.02,KEA |
| Withdrawn status | Lost status | Source of classification or shelving scheme | Damaged status | Not for loan | Permanent Location | Current Location | Shelving location | Date acquired | Full call number | Barcode | Date last seen | Price effective from | Koha item type | Public note |
|---|---|---|---|---|---|---|---|---|---|---|---|---|---|---|
| Military College of Signals (MCS) | Military College of Signals (MCS) | General Stacks | 12/12/2016 | 355.02,KEA | MCS29287 | 12/08/2016 | 12/12/2016 | Book | Almirah No.52, Shelf No.2 |
